00262nam a2200109Ia 4500008004100000100001300041245003200054260002200086650002000108942000700128999001700135190216s9999||||xx |||||||||||||| ||und|| aSoman. K 0aBhasha Shashthra Shabdavali bKerala Basha Inst aGeneral Science cBK c37521d37521